| 000 | 00619nam a2200205 i 4500 | ||
|---|---|---|---|
| 001 | 145208 | ||
| 003 | ES-MaACL | ||
| 005 | 20231228210629.0 | ||
| 007 | t| | ||
| 008 | 070214s1954 sp r ||||1| spa d | ||
| 100 | 1 |
_aSopeña Ibáñez, Federico, _d1917-1991 _9107321 |
|
| 245 | 1 | 0 |
_aSeis lecciones sobre la castidad / _cFederico Sopeña Ibáñez. |
| 260 |
_aMadrid : _bCid, _c[1954] ( _fMaribel) |
||
| 300 |
_a115 p. ; _c19 cm. |
||
| 490 | 1 | _aNoticias de lo Eterno | |
| 650 | 4 |
_aCastidad. _9135735 |
|
| 830 | 0 |
_aNoticias de lo Eterno _9187597 |
|
| 852 |
_aES-MaACL _jC-7902 _bR.36079 |
||
| 999 |
_c145208 _d145208 |
||